000 00525nam a2200229Ia 4500
003 OSt
005 20220924142810.0
006 a|||||r|||| 00| 0
007 ta
008 ASM
024 _a303348
037 _cTextual
040 _aARTS
_cARTS
_bASM
041 _2ASM
_aASM
082 _aO158,3N29x, M2
100 _aSaikia
245 0 _aAparthipa parthiba
260 _c1982
650 _aASSAMESE LITERATURE
_911738
942 _hO158,3N29x, M2
_cTEXL
_2CC
999 _c452007
_d452007